Les 100 meilleurs clubs de foot masculin d'Europe (UEFA) - Statistiques

Statistiques générales
  • Ce quiz a été pris 150 fois
  • Le résultat moyen est 35 sur 100
Statistiques - réponses
# Pays du club Club % Correct
1 Espagne Real Madrid
99%
3 Allemagne Bayern Munich
93%
2 Angleterre Manchester City
93%
7 Italie Inter Milan
91%
21 Italie Juventus
91%
4 Angleterre Liverpool
90%
43 France Marseille
90%
19 Italie AC Milan
88%
13 Angleterre Manchester United
83%
8 Allemagne Borussia Dortmund
78%
10 Espagne FC Barcelone
78%
6 France Paris SG
76%
9 Angleterre Chelsea
74%
14 Angleterre Arsenal
69%
32 Italie Napoli
69%
55 France Lyon
67%
18 Portugal FC Porto
65%
12 Espagne Atletico Madrid
63%
11 Allemagne Bayer Leverkusen
63%
15 Portugal Benfica Lisbonne
60%
29 Pays-Bas Ajax Amsterdam
57%
34 Espagne FC Séville
53%
35 Angleterre Tottenham
53%
22 Italie Lazio Rome
52%
53 France AS Monaco
51%
16 Italie Atalanta Bergame
50%
30 France Lille
50%
52 Angleterre Aston Villa
48%
59 Ecosse Celtic Glasgow
47%
33 Portugal Sporting CP
46%
28 Pays-Bas PSV Eindhoven
44%
57 Turquie Galatasaray
43%
26 Ecosse Rangers
43%
70 Belgique Anderlecht
39%
20 Allemagne RB Leipzig
39%
31 Espagne Real Sociedad
39%
23 Belgique Club Brugge
38%
37 Italie Fiorentina
38%
49 Espagne Real Betis
38%
88 Espagne Athletic Bilbao
37%
24 Pays-Bas Feyenoord
37%
54 France Stade Rennais
36%
27 Angleterre West Ham
36%
36 Croatie Dinamo Zagreb
35%
86 France OGC Nice
35%
44 Portugal Braga
34%
5 Italie AS Rome
33%
76 Ukraine Dynamo Kiev
32%
84 Angleterre Newcastle
32%
45 Turquie Fenerbahçe
30%
41 Rep. Tchèque Slavia Prague
30%
17 Espagne Villareal CF
29%
48 Serbie Etoile rouge de Belgrade
28%
47 Danemark FC Copenhague
28%
68 Rep. Tchèque Sparta Prague
28%
62 Suisse Young Boys Berne
28%
92 Italie FC Bologne
26%
73 Autriche Rapid Vienne
26%
60 Israël M. Tel-Aviv
24%
80 Angleterre Leicester
23%
97 Israël Maccabi Tel-Aviv
23%
42 Autriche RB Salzbourg
23%
79 Allemagne Union Berlin
23%
61 Belgique Union Saint-Gilloise
22%
25 Allemagne Frankfurt
21%
65 Suisse FC Bale
19%
46 Norvège Bodo/Glimt
18%
83 Angleterre FC Brighton
18%
81 Roumanie FCSB
18%
94 Espagne Girona
18%
74 Pologne Legia Varsovie
18%
82 Serbie Partizan Belgrade
18%
38 Grèce Olympiacos
15%
77 Autriche Sturm Graz
15%
39 Pays-Bas AZ Alkmaar
14%
51 Belgique Gent
14%
67 Azerbaïdjan Qarabag
14%
58 Rep. Tchèque Victoria Plzen
13%
40 Ukraine Shakhtar Donetsk
12%
87 Moldavie Sheriff Tiraspol
12%
50 Grèce PAOK
11%
89 Allemagne Hoffenheim
10%
63 Norvège Molde
10%
64 Slovaquie Bratislava
9%
56 Hongrie Ferencvaros
9%
85 Belgique Antwerp
8%
78 Turquie Basaksehir
8%
72 Allemagne Fribourg
8%
91 Pologne Lech Poznan
8%
75 Bulgarie Ludogorets
8%
98 Irlande Shamrock Rovers
7%
95 Espagne Osasuna
5%
90 Roumanie CFR Cluj
4%
96 Espagne Grenade
4%
71 Autriche LASK
4%
66 Danemark Midtjylland
3%
69 Suède Djurgarden
0%
99 Slovénie Olimpija
0%
100 Chypre Omonoia
0%
93 Portugal Victoria SC
0%
Aucun quiz correspondant
Distribution des résultats
% des personnes avec chaque résultat
Percentile par nombre de réponses
Votre historique - résultats
Vous n’avez pas pris ce quiz